| 000 | 01103cam a22003377a 4500 | ||
|---|---|---|---|
| 003 | CHAP | ||
| 005 | 20220329133120.0 | ||
| 008 | 971013s1988 r 00010 d | ||
| 010 | _a2319 | ||
| 011 | _a3291 | ||
| 035 | _a2491 | ||
| 040 | _cCHAP | ||
| 082 |
_a635.22 _bC5 |
||
| 100 | 0 | 0 |
_aClark, C. A. _923605 |
| 245 | 0 | _aCompendium of sweet potato diseases | |
| 260 |
_aSt. Paul, Minn. : _bAmerican Phytopathological Society, _c1988 |
||
| 300 |
_a74 p. _b: ilus. |
||
| 490 | 0 | _aDisease compendium series | |
| 590 |
_aBATCH-UPD _b10 _c20130110 _lUCH01 _h0852 |
||
| 590 |
_aBATCH-UPD _b10 _c20130410 _lUCH01 _h0524 |
||
| 590 |
_aBATCH-UPD _b10 _c20130914 _lUCH01 _h0824 |
||
| 590 |
_aCONVERSION _b10 _c20130109 _lUCH01 _h1303 |
||
| 650 | 1 | 4 |
_aCamote _xEnfermedades. _917888 |
| 650 | 1 | 4 |
_aTubérculos y cultivos de raíz _xEnfermedades. _9115483 |
| 700 | 0 |
_aMoyer, J. W. _979209 |
|
| 830 | 0 |
_aDisease compendium series _932720 |
|
| 901 | _aBK | ||
| 942 | _cLIBRO | ||
| 949 |
_a635.22 C5 _bBC _cC _d33724000902706 _eC _gI.c/e _h79628 _i2491 _si _t69.30 |
||
| 949 |
_a635.22 C53 _bPA _cLIBRO _d-39 _eLIBRO _h1698 _i2491 _si |
||
| 999 |
_c2319 _d2319 |
||